000 00401nam a2200157Ia 4500
003 GCL
008 140319s9999 xx 000 0 eng d
040 _aGCL /
_cGCL
082 0 4 _a616.99465
_bB O
100 1 _aBARBER, HUGH R K
245 1 0 _aOVAIAN CARCINOME /
_cBARBER, HUGH R K
260 _a[S.N] :
_bSPRINGER - VERLAG ،
_c1992
300 _a362
650 0 4 _aOVARIES - CANCER
942 _2ddc
_cBK
999 _c21470
_d21470